Central Library OPAC University of Rajshahi

Supermarket / (Record no. 63072)

MARC details
000 -LEADER
fixed length control field 01404nam a2200385 a 4500
001 - CONTROL NUMBER
control field 63072
003 - CONTROL NUMBER IDENTIFIER
rucl marc code BD-RjUL
005 - DATE AND TIME OF LATEST TRANSACTION
control field 20211209081145.0
008 - FIXED-LENGTH DATA ELEMENTS--GENERAL INFORMATION
fixed length control field 170128s2009 nyu 000 1 eng d
020 ## - INTERNATIONAL STANDARD BOOK NUMBER
International Standard Book Number 9780312382940 (alk. paper)
International Standard Book Number 0312382944 (alk. paper)
035 ## - SYSTEM CONTROL NUMBER
System control number (BD-RjUL)63200
System control number (OCoLC)234440247
040 ## - CATALOGING SOURCE
Original cataloging agency DLC
Transcribing agency DLC
Modifying agency BD-RjUL
-- BAKER
-- YDXCP
-- UKM
-- C#P
-- BWX
-- DLC
Language of cataloging eng
041 1# - LANGUAGE CODE
Language code of text/sound track or separate title eng
Language code of original jpn
082 00 - DEWEY DECIMAL CLASSIFICATION NUMBER
Classification number 895.636
Edition number 22
Author mark and year AZS 2009
100 1# - MAIN ENTRY--PERSONAL NAME
Personal name Azuchi, Satoshi,
Dates associated with a name 1937-
9 (RLIN) 187649
245 10 - TITLE STATEMENT
Title Supermarket /
Statement of responsibility, etc. Satoshi Azuchi ; translated by Paul Warham.
250 ## - EDITION STATEMENT
Edition statement 1st U.S. ed.
260 ## - PUBLICATION, DISTRIBUTION, ETC. (IMPRINT)
Place of publication, distribution, etc. New York :
Name of publisher, distributor, etc. Thomas Dunne Books,
Date of publication, distribution, etc. 2009.
300 ## - PHYSICAL DESCRIPTION
Pagination 329 p. ;
Size 22 cm.
500 ## - GENERAL NOTE
General note "Previously published in Japan as Shosetsu supamaketto by Kodansha Co. Ltd., Tokyo"--T.p. verso.
General note Translated from the Japanese.
504 ## - BIBLIOGRAPHY, ETC. NOTE
Bibliography, etc Includes bibliographical references and index.
650 #0 - SUBJECT ADDED ENTRY--TOPICAL TERM
Topical term or geographic name as entry element Supermarkets
Geographic subdivision Japan
Form subdivision Fiction.
9 (RLIN) 187650
Topical term or geographic name as entry element Supermarkets
Geographic subdivision Japan
General subdivision Management
Form subdivision Fiction.
9 (RLIN) 187651
Topical term or geographic name as entry element Bankers
Geographic subdivision Japan
Form subdivision Fiction.
9 (RLIN) 187652
Topical term or geographic name as entry element Success in business
Form subdivision Fiction.
9 (RLIN) 187653
651 #0 - SUBJECT ADDED ENTRY--GEOGRAPHIC NAME
Geographic name Japan
General subdivision Social conditions
Form subdivision Fiction.
9 (RLIN) 187654
Geographic name Japan
General subdivision Economic conditions
Form subdivision Fiction.
9 (RLIN) 187655
700 1# - ADDED ENTRY--PERSONAL NAME
Personal name Warham, Paul.
942 ## - ADDED ENTRY ELEMENTS (KOHA)
Source of classification or shelving scheme Dewey Decimal Classification
Koha item type Books
Holdings
Lost status Source of classification or shelving scheme Damaged status Not for loan Collection code Permanent Location Current Location Shelving location Date acquired Source of acquisition Total Checkouts Full call number Date last seen Copy number Koha item type
  Dewey Decimal Classification   Not For Loan Fiction Central Library, University of Rajshahi Central Library, University of Rajshahi Reading Room 23/03/2010 RUCL   895.636 AZS 2009 28/01/2017 C-1 Books